Statistics for Memphis Grizzlies All-Time Roster

Click here to take the quiz!

General Stats

  • This quiz has been taken 94 times
  • The average score is 8 of 12

Answer Stats

Post Player % Correct
CMarc Gasol
99%
BNPau Gasol
99%
PGMike Conley
97%
PFZach Randolph
90%
SGTony Allen
72%
BNRudy Gay
67%
BNJason Williams
56%
BNShareef Abdur-Rahim
54%
SFShane Battier
47%
BNMike Miller
43%
BNMike Bibby
39%
BNMichael Dickerson
11%

Score Distribution

Percentile by Number Answered

Percent of People with Each Score

Your Score History

You have not taken this quiz